Analytic inequalities /

Guardado en:
Autor Principal: Mitrinovic, Dragoslav S.
Otros Autores: Vasic, P. M.
Formato: Libro
Idioma:English
Publicado: New York : Springer-Verlag, 1970.
Series:Die Grundlehren der mathematischen Wissenschaften in Einzeldarstellungen mit besonderer Berücksichtigung der Anwendungsgebiete ; Bd. 165
Etiquetas: Agregar Etiqueta
Sin Etiquetas, Sea el primero en etiquetar este registro!
LEADER 00756cam a22001935a 4500
001 MAT.inmabb002184
008 701021s1970####nyu######b####001#0#eng#d
005 20150630165159.0
245 1 0 |a Analytic inequalities /  |c D. S. Mitrinovic ; in cooperation with P. M. Vasic. 
260 |a New York :  |b Springer-Verlag,  |c 1970. 
300 |a xi, 400 p. ;  |c 24 cm. 
440 4 |a Die Grundlehren der mathematischen Wissenschaften in Einzeldarstellungen mit besonderer Berücksichtigung der Anwendungsgebiete ;  |v Bd. 165 
504 |a Incluye referencias bibliográficas. 
510 4 |a MR,  |c 43 #448 
100 1 |a Mitrinovic, Dragoslav S. 
700 1 |a Vasic, P. M.  |q (Petar M.) 
084 |a 26Dxx (30A10)  |2 msc2000 
010 |a  76116492  
859 |h 26  |i M684  |p A-3850  |b BIB. MATEMATICA